[Event "DEM U14 2017"]
[Site "Willingen GER"]
[Date "2017.06.06"]
[Round "5"]
[White "Köllner, Ruben Gideon"]
[Black "Lieberwirth, Kasimir"]
[Result "1/2-1/2"]
[Termination "normal"]
[Board "6"]
[WhiteElo "2104"]
[BlackElo "2009"]
[WhiteClock "00:18:08"]
[BlackClock "00:18:56"]
[PlyCount "102"]
[WhiteFideId "12993093"]
[BlackFideId "12988146"]
[EventCountry "GER"]
[EventRounds "9"]
[EventType "swiss"]
[EventDate "2017.06.03"]

1. d4 {[%clk 1:30:58]} 1... d5 {[%clk 1:30:31]} 2. Bf4 {[%clk 1:31:19]} 2...
Nf6 {[%clk 1:30:42]} 3. e3 {[%clk 1:31:38]} 3... Bf5 {[%clk 1:30:14]} 4. Bd3 {
[%clk 1:30:16]} 4... Bxd3 {[%clk 1:29:22]} 5. Qxd3 {[%clk 1:29:00]} 5... c6 {
[%clk 1:29:13]} 6. Nd2 {[%clk 1:28:31]} 6... e6 {[%clk 1:28:55]} 7. Ngf3 {
[%clk 1:28:28]} 7... Bd6 {[%clk 1:28:40]} 8. Bg3 {[%clk 1:28:42]} 8... Bxg3 {
[%clk 1:27:18]} 9. hxg3 {[%clk 1:28:57]} 9... Nbd7 {[%clk 1:27:04]} 10. g4 {
[%clk 1:22:47]} 10... Nxg4 {[%clk 1:21:55]} 11. Rxh7 {[%clk 1:20:59]} 11...
Rxh7 {[%clk 1:21:03]} 12. Qxh7 {[%clk 1:20:54]} 12... Qf6 {[%clk 1:11:41]} 13.
e4 {[%clk 1:09:20]} 13... O-O-O {[%clk 1:05:31]} 14. e5 {[%clk 1:01:31]} 14...
Qh6 {[%clk 1:01:45]} 15. Qxh6 {[%clk 1:01:02]} 15... Nxh6 {[%clk 1:01:11]} 16.
Ke2 {[%clk 1:00:48]} 16... f6 {[%clk 0:55:46]} 17. Rh1 {[%clk 0:58:35]} 17...
Rh8 {[%clk 0:55:33]} 18. g4 {[%clk 0:52:05]} 18... Nf7 {[%clk 0:53:31]} 19.
Rxh8+ {[%clk 0:52:12]} 19... Nxh8 {[%clk 0:53:59]} 20. exf6 {[%clk 0:51:34]}
20... gxf6 {[%clk 0:53:25]} 21. g5 {[%clk 0:50:12]} 21... e5 {[%clk 0:49:58]}
22. gxf6 {[%clk 0:44:05]} 22... e4 {[%clk 0:49:30]} 23. Ne5 {[%clk 0:41:57]}
23... Nxf6 {[%clk 0:48:40]} 24. f3 {[%clk 0:39:52]} 24... exf3+ {[%clk 0:48:26]
} 25. Ndxf3 {[%clk 0:40:00]} 25... Kd8 {[%clk 0:47:16]} 26. Ke3 {[%clk 0:38:11]
} 26... Ke8 {[%clk 0:44:19]} 27. Ng5 {[%clk 0:37:08]} 27... Nd7 {[%clk 0:43:48]
} 28. Kf4 {[%clk 0:35:21]} 28... Nxe5 {[%clk 0:39:51]} 29. dxe5 {[%clk 0:35:13]
} 29... Ng6+ {[%clk 0:37:11]} 30. Kf5 {[%clk 0:35:33]} 30... Nf8 { [%clk
0:33:15]} 31. Nh3 {[%clk 0:25:08]} 31... Ke7 {[%clk 0:22:45]} 32. Nf4 { [%clk
0:25:09]} 32... Kf7 {[%clk 0:21:53]} 33. e6+ {[%clk 0:19:47]} 33... Ke7 { [%clk
0:20:44]} 34. Ke5 {[%clk 0:20:07]} 34... d4 {[%clk 0:17:20]} 35. a4 { [%clk
0:17:54]} 35... b6 {[%clk 0:14:19]} 36. b4 {[%clk 0:16:32]} 36... a6 { [%clk
0:10:31]} 37. a5 {[%clk 0:15:05]} 37... bxa5 {[%clk 0:10:18]} 38. bxa5 { [%clk
0:15:29]} 38... Nh7 {[%clk 0:08:31]} 39. Kxd4 {[%clk 0:12:49]} 39... Kd6 {[%clk
0:08:27]} 40. c4 {[%clk 0:06:55]} 40... Nf6 {[%clk 0:01:27]} 41. Nd3 { [%clk
0:01:56]} 41... Kxe6 {[%clk 0:28:22]} 42. Kc5 {[%clk 0:30:53]} 42... Kd7 {[%clk
0:27:19]} 43. Kb6 {[%clk 0:31:03]} 43... Ne4 {[%clk 0:24:41]} 44. Ne5+ { [%clk
0:22:44]} 44... Kd6 {[%clk 0:23:20]} 45. Nxc6 {[%clk 0:22:44]} 45... Nc5 {[%clk
0:22:05]} 46. Na7 {[%clk 0:22:22]} 46... Nd7+ {[%clk 0:19:27]} 47. Kxa6 {[%clk
0:21:28]} 47... Kc5 {[%clk 0:18:52]} 48. Nc8 {[%clk 0:21:36]} 48... Nb8+ {[%clk
0:18:33]} 49. Kb7 {[%clk 0:19:59]} 49... Kxc4 {[%clk 0:18:48]} 50. Nd6+ {[%clk
0:18:32]} 50... Kb4 {[%clk 0:18:40]} 51. Kxb8 {[%clk 0:18:08]} 51... Kxa5
{[%clk 0:18:56]} 1/2-1/2

[Event "DEM U14 2017"]
[Site "Willingen GER"]
[Date "2017.06.06"]
[Round "5"]
[White "Longo, Massimo"]
[Black "Suvorov, Luca"]
[Result "0-1"]
[Termination "normal"]
[Board "7"]
[WhiteElo "1912"]
[BlackElo "2121"]
[WhiteClock "00:00:48"]
[BlackClock "00:00:55"]
[PlyCount "68"]
[WhiteFideId "16205227"]
[BlackFideId "12977071"]
[EventCountry "GER"]
[EventRounds "9"]
[EventType "swiss"]
[EventDate "2017.06.03"]

1. d4 {[%clk 1:30:58]} 1... Nf6 {[%clk 1:30:52]} 2. Nf3 {[%clk 1:31:20]} 2...
d6 {[%clk 1:31:17]} 3. c4 {[%clk 1:31:30]} 3... g6 {[%clk 1:31:28]} 4. Nc3 {
[%clk 1:31:54]} 4... Bg7 {[%clk 1:31:55]} 5. Bg5 {[%clk 1:32:18]} 5... h6 {
[%clk 1:31:23]} 6. Bh4 {[%clk 1:32:42]} 6... g5 {[%clk 1:31:38]} 7. Bg3 { [%clk
1:33:07]} 7... Nh5 {[%clk 1:32:01]} 8. e3 {[%clk 1:32:56]} 8... Nd7 { [%clk
1:30:35]} 9. Qc2 {[%clk 1:31:55]} 9... a6 {[%clk 1:26:49]} 10. Bd3 { [%clk
1:26:49]} 10... c5 {[%clk 1:10:50]} 11. d5 {[%clk 1:23:22]} 11... b5 { [%clk
0:53:45]} 12. cxb5 {[%clk 1:17:21]} 12... Qa5 {[%clk 0:43:33]} 13. O-O { [%clk
1:06:48]} 13... O-O {[%clk 0:37:47]} 14. bxa6 {[%clk 1:05:11]} 14... Bxa6
{[%clk 0:37:34]} 15. Bxa6 {[%clk 1:04:57]} 15... Rxa6 {[%clk 0:36:10]} 16. Nd2
{[%clk 0:42:34]} 16... Rb8 {[%clk 0:28:40]} 17. Nc4 {[%clk 0:37:06]} 17... Qb4
{[%clk 0:19:29]} 18. Qd3 {[%clk 0:35:35]} 18... Nb6 {[%clk 0:14:53]} 19. Nd2 {
[%clk 0:26:00]} 19... c4 {[%clk 0:09:09]} 20. Qc2 {[%clk 0:25:43]} 20... Na4 {
[%clk 0:02:59]} 21. Nxa4 {[%clk 0:21:48]} 21... Qxa4 {[%clk 0:03:21]} 22. Qxc4
{[%clk 0:16:41]} 22... Rxb2 {[%clk 0:02:42]} 23. Qc8+ {[%clk 0:15:06]} 23...
Bf8 {[%clk 0:01:31]} 24. Rab1 {[%clk 0:12:24]} 24... Rc2 {[%clk 0:00:57]} 25.
Qh3 {[%clk 0:09:19]} 25... Nxg3 {[%clk 0:00:44]} 26. fxg3 {[%clk 0:07:40]}
26... Rxd2 {[%clk 0:00:56]} 27. Qh5 {[%clk 0:04:31]} 27... Qe8 {[%clk 0:00:53]}
28. h4 {[%clk 0:03:51]} 28... Raxa2 {[%clk 0:00:50]} 29. hxg5 {[%clk 0:03:33]}
29... Rxg2+ {[%clk 0:00:52]} 30. Kh1 {[%clk 0:03:58]} 30... f6 {[%clk 0:00:42]}
31. Qh3 {[%clk 0:03:37]} 31... hxg5 {[%clk 0:00:42]} 32. g4 {[%clk 0:01:49]}
32... Rge2 {[%clk 0:00:49]} 33. Rb7 {[%clk 0:01:20]} 33... Qg6 {[%clk 0:00:57]}
34. Rb4 {[%clk 0:00:48]} 34... Qc2 {[%clk 0:00:55]} 0-1

[Event "DEM U14 2017"]
[Site "Willingen GER"]
[Date "2017.06.06"]
[Round "5"]
[White "Bosselmann, Tom Linus"]
[Black "Wagner, Benjamin"]
[Result "1/2-1/2"]
[Termination "normal"]
[Board "8"]
[WhiteElo "1930"]
[BlackElo "1991"]
[WhiteClock "00:41:31"]
[BlackClock "00:20:53"]
[PlyCount "107"]
[WhiteFideId "12983845"]
[BlackFideId "12957330"]
[EventCountry "GER"]
[EventRounds "9"]
[EventType "swiss"]
[EventDate "2017.06.03"]

1. e4 {[%clk 1:30:58]} 1... e5 {[%clk 1:30:59]} 2. Nf3 {[%clk 1:31:16]} 2...
Nc6 {[%clk 1:31:28]} 3. Bc4 {[%clk 1:31:30]} 3... Bc5 {[%clk 1:31:51]} 4. b4 {
[%clk 1:31:42]} 4... Bxb4 {[%clk 1:32:08]} 5. c3 {[%clk 1:31:37]} 5... Ba5 {
[%clk 1:32:32]} 6. d4 {[%clk 1:31:45]} 6... exd4 {[%clk 1:32:56]} 7. O-O {
[%clk 1:31:55]} 7... Nge7 {[%clk 1:32:12]} 8. Ng5 {[%clk 1:32:16]} 8... d5 {
[%clk 1:31:31]} 9. exd5 {[%clk 1:30:39]} 9... Ne5 {[%clk 1:30:34]} 10. Qxd4 {
[%clk 1:29:06]} 10... f6 {[%clk 1:29:38]} 11. Re1 {[%clk 1:16:54]} 11... Bb6 {
[%clk 1:18:28]} 12. Qe4 {[%clk 1:16:05]} 12... Bf5 {[%clk 1:05:56]} 13. Qf4 {
[%clk 1:13:42]} 13... Qd7 {[%clk 0:52:08]} 14. Ne6 {[%clk 1:03:31]} 14... Bxe6
{[%clk 0:50:20]} 15. dxe6 {[%clk 1:03:58]} 15... Qc6 {[%clk 0:48:26]} 16. Rxe5
{[%clk 0:58:03]} 16... Ng6 {[%clk 0:37:44]} 17. Bb5 {[%clk 0:56:50]} 17...
O-O-O {[%clk 0:37:48]} 18. Qa4 {[%clk 0:54:09]} 18... Qd6 {[%clk 0:28:30]} 19.
Bd7+ {[%clk 0:53:15]} 19... Kb8 {[%clk 0:28:01]} 20. Re1 {[%clk 0:53:25]} 20...
Ne5 {[%clk 0:24:18]} 21. Ba3 {[%clk 0:52:36]} 21... Qd3 {[%clk 0:21:37]} 22.
Qe4 {[%clk 0:42:13]} 22... Qxe4 {[%clk 0:19:09]} 23. Rxe4 {[%clk 0:42:42]}
23... Nxd7 {[%clk 0:19:25]} 24. exd7 {[%clk 0:43:11]} 24... Rxd7 { [%clk
0:19:47]} 25. Re1 {[%clk 0:43:03]} 25... Rhd8 {[%clk 0:18:39]} 26. Bb2 { [%clk
0:43:00]} 26... Re7 {[%clk 0:15:40]} 27. Na3 {[%clk 0:42:19]} 27... Red7 {[%clk
0:14:42]} 28. Nc4 {[%clk 0:41:42]} 28... Bc5 {[%clk 0:14:32]} 29. Ba3 { [%clk
0:40:48]} 29... Bxa3 {[%clk 0:14:42]} 30. Nxa3 {[%clk 0:41:17]} 30... b6 {[%clk
0:14:19]} 31. Nc4 {[%clk 0:41:08]} 31... Rd5 {[%clk 0:13:03]} 32. Kf1 { [%clk
0:35:30]} 32... Rc5 {[%clk 0:13:06]} 33. Ne3 {[%clk 0:33:48]} 33... Rxc3 {[%clk
0:12:03]} 34. Red1 {[%clk 0:34:03]} 34... Rxd1+ {[%clk 0:11:05]} 35. Rxd1
{[%clk 0:34:22]} 35... Ra3 {[%clk 0:11:28]} 36. Rd2 {[%clk 0:34:36]} 36... b5
{[%clk 0:11:42]} 37. Ke2 {[%clk 0:34:30]} 37... a5 {[%clk 0:10:30]} 38. Kd1
{[%clk 0:34:13]} 38... Kb7 {[%clk 0:09:47]} 39. Kc1 {[%clk 0:34:23]} 39... Rc3+
{[%clk 0:07:57]} 40. Kb2 {[%clk 0:33:24]} 40... Rc5 {[%clk 0:06:50]} 41. Rd5 {
[%clk 0:30:27]} 41... Kc6 {[%clk 0:03:36]} 42. Rxc5+ {[%clk 0:30:17]} 42...
Kxc5 {[%clk 0:04:05]} 43. Kc3 {[%clk 0:29:31]} 43... g6 {[%clk 0:29:12]} 44.
Ng4 {[%clk 0:58:01]} 44... f5 {[%clk 0:29:37]} 45. Nf6 {[%clk 0:58:05]} 45...
h5 {[%clk 0:29:35]} 46. Nd7+ {[%clk 0:58:15]} 46... Kd6 {[%clk 0:27:56]} 47.
Nf8 {[%clk 0:58:10]} 47... g5 {[%clk 0:28:25]} 48. Nh7 {[%clk 0:58:19]} 48...
g4 {[%clk 0:28:11]} 49. g3 {[%clk 0:53:40]} 49... Ke5 {[%clk 0:26:50]} 50. Ng5
{[%clk 0:41:30]} 50... Kf6 {[%clk 0:21:40]} 51. Nh7+ {[%clk 0:41:25]} 51... Kg7
{[%clk 0:20:05]} 52. Ng5 {[%clk 0:41:35]} 52... Kf6 {[%clk 0:20:29]} 53. Nh7+ {
[%clk 0:41:19]} 53... Kg7 {[%clk 0:20:53]} 54. Ng5 {[%clk 0:41:31]} 1/2-1/2

[Event "DEM U14 2017"]
[Site "Willingen GER"]
[Date "2017.06.06"]
[Round "5"]
[White "Mühlpfordt, Thomas"]
[Black "Stork, Oliver"]
[Result "0-1"]
[Termination "normal"]
[Board "9"]
[WhiteElo "1813"]
[BlackElo "2012"]
[WhiteClock "00:18:39"]
[BlackClock "00:28:30"]
[PlyCount "121"]
[WhiteFideId "12986623"]
[BlackFideId "12955728"]
[EventCountry "GER"]
[EventRounds "9"]
[EventType "swiss"]
[EventDate "2017.06.03"]

1. e4 {[%clk 1:30:57]} 1... c6 {[%clk 1:30:55]} 2. d4 {[%clk 1:31:22]} 2... d5
{[%clk 1:31:19]} 3. Nc3 {[%clk 1:31:49]} 3... dxe4 {[%clk 1:31:44]} 4. Nxe4 {
[%clk 1:32:10]} 4... Bf5 {[%clk 1:32:06]} 5. Ng3 {[%clk 1:32:35]} 5... Bg6 {
[%clk 1:32:30]} 6. h4 {[%clk 1:32:53]} 6... h6 {[%clk 1:32:53]} 7. h5 { [%clk
1:33:15]} 7... Bh7 {[%clk 1:33:15]} 8. Nf3 {[%clk 1:33:40]} 8... Nd7 { [%clk
1:33:37]} 9. Bd3 {[%clk 1:34:02]} 9... Bxd3 {[%clk 1:34:01]} 10. Qxd3 { [%clk
1:34:30]} 10... e6 {[%clk 1:34:24]} 11. Bf4 {[%clk 1:34:52]} 11... Qa5+ { [%clk
1:34:46]} 12. Bd2 {[%clk 1:35:15]} 12... Bb4 {[%clk 1:35:08]} 13. c3 { [%clk
1:31:40]} 13... Be7 {[%clk 1:34:58]} 14. Ne4 {[%clk 1:20:58]} 14... Ngf6 {[%clk
1:33:05]} 15. Nxf6+ {[%clk 1:19:44]} 15... Nxf6 {[%clk 1:32:52]} 16. Ne5 {[%clk
1:18:07]} 16... Rd8 {[%clk 1:26:27]} 17. Qe2 17... c5 {[%clk 1:24:40]} 18. dxc5
{[%clk 1:07:20]} 18... Qxc5 {[%clk 1:24:16]} 19. Rd1 {[%clk 1:02:22]} 19... O-O
{[%clk 1:19:22]} 20. O-O {[%clk 0:57:31]} 20... Bd6 {[%clk 1:01:45]} 21. Bf4
{[%clk 0:50:35]} 21... Bc7 {[%clk 0:54:11]} 22. c4 {[%clk 0:41:51]} 22... a6
{[%clk 0:40:40]} 23. b3 {[%clk 0:36:30]} 23... Rd4 {[%clk 0:20:41]} 24. b4
{[%clk 0:18:03]} 24... Qa7 {[%clk 0:20:03]} 25. Be3 {[%clk 0:16:01]} 25... Bxe5
{[%clk 0:19:20]} 26. f4 {[%clk 0:14:21]} 26... Re4 {[%clk 0:19:37]} 27. Bxa7
{[%clk 0:13:02]} 27... Rxe2 {[%clk 0:20:00]} 28. fxe5 {[%clk 0:13:22]} 28...
Rxe5 {[%clk 0:19:16]} 29. Bd4 {[%clk 0:12:42]} 29... Rxh5 {[%clk 0:19:33] } 30.
Bxf6 {[%clk 0:12:57]} 30... gxf6 {[%clk 0:19:59]} 31. Rxf6 { [%clk 0:13:12]}
31... Rh4 {[%clk 0:19:00]} 32. Rd7 {[%clk 0:12:39]} 32... b6 { [%clk 0:10:04]}
33. Rb7 {[%clk 0:11:40]} 33... Rxc4 {[%clk 0:08:34]} 34. Rxb6 { [%clk 0:11:59]}
34... Kg7 {[%clk 0:08:44]} 35. Rf3 {[%clk 0:12:14]} 35... Rfc8 {[%clk 0:05:28]}
36. Ra3 {[%clk 0:09:57]} 36... Rg4 {[%clk 0:02:35]} 37. Rbxa6 {[%clk 0:08:04]}
37... Rc2 {[%clk 0:02:22]} 38. g3 {[%clk 0:07:51]} 38... Rxb4 {[%clk 0:02:46]}
39. Rf3 {[%clk 0:06:26]} 39... Rb1+ {[%clk 0:03:03]} 40. Rf1 { [%clk 0:06:49]}
40... Rbb2 {[%clk 0:03:28]} 41. Ra1 {[%clk 0:02:30]} 41... Rg2+ {[%clk
0:01:33]} 42. Kh1 {[%clk 0:29:39]} 42... Rh2+ {[%clk 0:30:57]} 43. Kg1 { [%clk
0:29:45]} 43... Rbg2+ {[%clk 0:31:06]} 44. Kf1 {[%clk 0:29:48]} 44... Rxg3
{[%clk 0:31:24]} 45. Re1 {[%clk 0:28:26]} 45... Rh1+ {[%clk 0:30:19]} 46. Kf2
{[%clk 0:28:17]} 46... Rxe1 {[%clk 0:30:13]} 47. Kxg3 {[%clk 0:28:36]} 47...
Kg6 {[%clk 0:30:26]} 48. a4 {[%clk 0:27:31]} 48... h5 {[%clk 0:30:37]} 49. Ra8
{[%clk 0:27:04]} 49... Kf5 {[%clk 0:30:21]} 50. a5 {[%clk 0:26:30]} 50... e5
{[%clk 0:28:12]} 51. a6 {[%clk 0:24:56]} 51... Rg1+ {[%clk 0:27:58]} 52. Kf3
{[%clk 0:20:39]} 52... Ra1 {[%clk 0:27:19]} 53. a7 {[%clk 0:19:45]} 53... Ra3+
{[%clk 0:27:39]} 54. Kg2 {[%clk 0:18:26]} 54... Kf4 {[%clk 0:27:47]} 55. Rh8
{[%clk 0:18:07]} 55... Rxa7 {[%clk 0:28:08]} 56. Rxh5 {[%clk 0:18:26]} 56...
Ra2+ {[%clk 0:28:12]} 57. Kf1 {[%clk 0:18:31]} 57... f5 {[%clk 0:28:09]} 58.
Rh3 {[%clk 0:18:40]} 58... e4 {[%clk 0:28:17]} 59. Rb3 {[%clk 0:18:47]} 59...
e3 {[%clk 0:28:27]} 60. Rb5 {[%clk 0:18:56]} 60... Kg4 {[%clk 0:28:30]} 61. Kg1
{[%clk 0:18:39]} 0-1

[Event "DEM U14 2017"]
[Site "Willingen GER"]
[Date "2017.06.06"]
[Round "5"]
[White "Meric, Geoffrey"]
[Black "Suvorov, Alexander"]
[Result "0-1"]
[Termination "normal"]
[Board "10"]
[WhiteElo "1879"]
[BlackElo "2196"]
[WhiteClock "00:01:42"]
[BlackClock "00:03:03"]
[PlyCount "68"]
[WhiteFideId "26092891"]
[BlackFideId "12977063"]
[EventCountry "GER"]
[EventRounds "9"]
[EventType "swiss"]
[EventDate "2017.06.03"]

1. e4 {[%clk 1:14:40]} 1... c6 {[%clk 1:30:55]} 2. Nf3 {[%clk 1:14:53]} 2... d5
{[%clk 1:31:08]} 3. Nc3 {[%clk 1:15:07]} 3... Nf6 {[%clk 1:31:20]} 4. e5 {
[%clk 1:15:31]} 4... Ne4 {[%clk 1:31:42]} 5. d4 {[%clk 1:15:28]} 5... Nxc3 {
[%clk 1:30:43]} 6. bxc3 {[%clk 1:15:48]} 6... Bg4 {[%clk 1:28:32]} 7. h3 {
[%clk 1:14:14]} 7... Bxf3 {[%clk 1:25:35]} 8. Qxf3 {[%clk 1:14:33]} 8... e6 {
[%clk 1:25:07]} 9. Rb1 {[%clk 1:09:29]} 9... b5 {[%clk 1:15:39]} 10. Bd3 {
[%clk 0:59:47]} 10... Qa5 {[%clk 1:12:32]} 11. Bd2 {[%clk 0:59:36]} 11... Qxa2
{[%clk 1:12:33]} 12. O-O {[%clk 0:59:53]} 12... Qa6 {[%clk 1:12:25]} 13. Qg4 {
[%clk 0:58:11]} 13... Nd7 {[%clk 1:01:06]} 14. f4 {[%clk 0:56:44]} 14... g6 {
[%clk 1:00:17]} 15. f5 {[%clk 0:34:37]} 15... gxf5 {[%clk 0:27:38]} 16. Bxf5 {
[%clk 0:32:59]} 16... exf5 {[%clk 0:26:51]} 17. Rxf5 {[%clk 0:24:49]} 17... h5
{[%clk 0:18:31]} 18. Qh4 {[%clk 0:19:27]} 18... c5 {[%clk 0:17:11]} 19. Rbf1 {
[%clk 0:08:26]} 19... Be7 {[%clk 0:10:09]} 20. Bg5 {[%clk 0:07:50]} 20... Bxg5
{[%clk 0:09:09]} 21. Qxg5 {[%clk 0:07:47]} 21... Qg6 {[%clk 0:08:41]} 22. Qe3 {
[%clk 0:05:32]} 22... cxd4 {[%clk 0:06:19]} 23. Qxd4 {[%clk 0:03:25]} 23... Qb6
{[%clk 0:05:08]} 24. Rxf7 {[%clk 0:03:22]} 24... Qxd4+ {[%clk 0:05:18]} 25.
cxd4 {[%clk 0:03:45]} 25... Rf8 {[%clk 0:05:32]} 26. e6 {[%clk 0:03:23]} 26...
Rxf7 {[%clk 0:05:26]} 27. Rxf7 {[%clk 0:03:47]} 27... Nf8 {[%clk 0:03:57]} 28.
Rf5 {[%clk 0:03:26]} 28... Nxe6 {[%clk 0:03:28]} 29. Rxd5 {[%clk 0:03:36]}
29... a5 {[%clk 0:03:34]} 30. Rxb5 {[%clk 0:02:11]} 30... a4 {[%clk 0:01:51]}
31. Rb2 {[%clk 0:01:46]} 31... a3 {[%clk 0:02:03]} 32. Ra2 {[%clk 0:02:12]}
32... Nxd4 {[%clk 0:02:26]} 33. Kf2 {[%clk 0:02:31]} 33... Nxc2 {[%clk 0:02:39]
} 34. Rxc2 {[%clk 0:01:42]} 34... a2 {[%clk 0:03:03]} 0-1

[Event "DEM U14 2017"]
[Site "Willingen GER"]
[Date "2017.06.06"]
[Round "5"]
[White "Weishäutel, Moritz"]
[Black "Post, Hugo"]
[Result "1-0"]
[Termination "normal"]
[Board "11"]
[WhiteElo "2102"]
[BlackElo "2019"]
[WhiteClock "00:06:29"]
[BlackClock "00:12:50"]
[PlyCount "63"]
[WhiteFideId "12967300"]
[BlackFideId "12962490"]
[EventCountry "GER"]
[EventRounds "9"]
[EventType "swiss"]
[EventDate "2017.06.03"]

1. e4 {[%clk 1:30:56]} 1... c5 {[%clk 1:30:45]} 2. Nf3 {[%clk 1:31:19]} 2... e6
{[%clk 1:29:02]} 3. d4 {[%clk 1:31:38]} 3... cxd4 {[%clk 1:29:10]} 4. Nxd4 {
[%clk 1:31:59]} 4... Nf6 {[%clk 1:28:47]} 5. Nc3 {[%clk 1:32:10]} 5... Nc6 {
[%clk 1:28:20]} 6. Ndb5 {[%clk 1:31:20]} 6... Bb4 {[%clk 1:27:24]} 7. a3 {
[%clk 1:24:13]} 7... Bxc3+ {[%clk 1:25:52]} 8. Nxc3 {[%clk 1:24:35]} 8... d5 {
[%clk 1:25:22]} 9. exd5 {[%clk 1:21:00]} 9... exd5 {[%clk 1:25:36]} 10. Bd3 {
[%clk 1:20:33]} 10... O-O {[%clk 1:23:03]} 11. O-O {[%clk 1:19:36]} 11... d4 {
[%clk 1:20:43]} 12. Ne2 {[%clk 1:18:00]} 12... Bg4 {[%clk 1:17:36]} 13. f3 {
[%clk 1:16:19]} 13... Bh5 {[%clk 1:17:19]} 14. Kh1 {[%clk 1:14:10]} 14... Bg6 {
[%clk 1:15:41]} 15. Bxg6 {[%clk 1:13:52]} 15... hxg6 {[%clk 1:15:49]} 16. b3 {
[%clk 1:10:02]} 16... Qd6 {[%clk 1:13:25]} 17. Bb2 {[%clk 1:08:38]} 17... Rad8
{[%clk 1:11:34]} 18. Qd3 {[%clk 1:04:11]} 18... Rfe8 {[%clk 1:09:27]} 19. Rad1
{[%clk 0:59:15]} 19... Re5 {[%clk 0:48:14]} 20. Nxd4 {[%clk 0:48:12]} 20... Rh5
{[%clk 0:47:17]} 21. f4 {[%clk 0:42:41]} 21... Ng4 {[%clk 0:43:35]} 22. h3 {
[%clk 0:34:50]} 22... Re8 {[%clk 0:41:25]} 23. Kg1 {[%clk 0:29:16]} 23... Re3 {
[%clk 0:31:03]} 24. Qc4 {[%clk 0:17:21]} 24... Rexh3 {[%clk 0:18:17]} 25. gxh3
{[%clk 0:17:40]} 25... Ne3 {[%clk 0:17:57]} 26. Nf5 {[%clk 0:06:33]} 26... Nxc4
{[%clk 0:13:17]} 27. Nxd6 {[%clk 0:06:58]} 27... Ne3 {[%clk 0:13:36]} 28. Rd3 {
[%clk 0:06:40]} 28... Nxf1 {[%clk 0:13:21]} 29. Kxf1 {[%clk 0:07:10]} 29... g5
{[%clk 0:13:35]} 30. Rg3 {[%clk 0:06:57]} 30... Rh6 {[%clk 0:12:57]} 31. Nf5 {
[%clk 0:07:08]} 31... Re6 {[%clk 0:12:50]} 32. Nxg7 {[%clk 0:06:29]} 1-0

[Event "DEM U14 2017"]
[Site "Willingen GER"]
[Date "2017.06.06"]
[Round "5"]
[White "Merk, Daniel"]
[Black "Nguyen, Alex Dac-Vuong"]
[Result "1/2-1/2"]
[Termination "normal"]
[Board "12"]
[WhiteElo "1900"]
[BlackElo "2051"]
[WhiteClock "00:42:53"]
[BlackClock "00:54:35"]
[PlyCount "49"]
[WhiteFideId "12938386"]
[BlackFideId "12984388"]
[EventCountry "GER"]
[EventRounds "9"]
[EventType "swiss"]
[EventDate "2017.06.03"]

1. d4 {[%clk 1:30:58]} 1... Nf6 {[%clk 1:30:56]} 2. Bf4 {[%clk 1:31:21]} 2...
c5 {[%clk 1:31:04]} 3. e3 {[%clk 1:29:52]} 3... Qb6 {[%clk 1:31:20]} 4. b3 {
[%clk 1:29:10]} 4... d5 {[%clk 1:31:30]} 5. c3 {[%clk 1:29:34]} 5... Nc6 {
[%clk 1:31:49]} 6. Nf3 {[%clk 1:29:54]} 6... e6 {[%clk 1:29:24]} 7. Be2 { [%clk
1:29:45]} 7... Be7 {[%clk 1:25:16]} 8. h3 {[%clk 1:29:54]} 8... cxd4 { [%clk
1:25:08]} 9. exd4 {[%clk 1:29:58]} 9... O-O {[%clk 1:25:17]} 10. O-O { [%clk
1:30:21]} 10... Rd8 {[%clk 1:24:51]} 11. Nbd2 {[%clk 1:28:32]} 11... Qa5 {[%clk
1:20:00]} 12. b4 {[%clk 1:23:20]} 12... Qb6 {[%clk 1:12:17]} 13. a4 { [%clk
1:23:37]} 13... Bd6 {[%clk 1:12:04]} 14. Bxd6 {[%clk 1:13:41]} 14... Rxd6
{[%clk 1:12:15]} 15. Qb3 {[%clk 1:12:48]} 15... Nd7 {[%clk 1:08:40]} 16. a5 {
[%clk 1:11:09]} 16... Qc7 {[%clk 1:08:26]} 17. c4 {[%clk 1:03:24]} 17... dxc4 {
[%clk 1:08:03]} 18. Qxc4 {[%clk 1:01:06]} 18... b5 {[%clk 1:06:45]} 19. Qc3 {
[%clk 0:52:01]} 19... Nf6 {[%clk 1:02:22]} 20. Bxb5 {[%clk 0:50:13]} 20... Nd5
{[%clk 1:02:43]} 21. Qc4 {[%clk 0:49:08]} 21... Ncxb4 {[%clk 1:02:26]} 22. Rfc1
{[%clk 0:47:59]} 22... Qxc4 {[%clk 0:59:13]} 23. Rxc4 {[%clk 0:45:33]} 23... a6
{[%clk 0:59:07]} 24. Ba4 {[%clk 0:45:53]} 24... Rb8 {[%clk 0:54:35]} 25. Rac1 {
[%clk 0:42:53]} 1/2-1/2

[Event "DEM U14 2017"]
[Site "Willingen GER"]
[Date "2017.06.06"]
[Round "5"]
[White "Woelk, Tom-Frederic"]
[Black "Dahl, Christoph"]
[Result "1/2-1/2"]
[Termination "normal"]
[Board "13"]
[WhiteElo "2033"]
[BlackElo "1801"]
[PlyCount "119"]
[WhiteFideId "12993077"]
[BlackFideId "16240235"]
[EventCountry "GER"]
[EventRounds "9"]
[EventType "swiss"]
[EventDate "2017.06.03"]

1. e4 e5 2. Nf3 Nc6 3. Bc4 Nf6 4. d3 Be7 5. O-O O-O 6. Re1 d6 7. c3 Be6 8. Bb3
Na5 9. Bc2 c5 10. b4 cxb4 11. cxb4 Nc6 12. a3 Bg4 13. Bb2 Qb6 14. Nbd2 a5 15.
Nc4 Qa6 16. Bc3 b5 17. Nxa5 Nxa5 18. bxa5 Rac8 19. Bb4 Rfe8 20. Bb3 d5 21. exd5
Bxb4 22. axb4 Qd6 23. Qd2 Bxf3 24. gxf3 Nxd5 25. Bxd5 Qxd5 26. Re3 Qd4 27. Rae1
f6 28. Re4 Qd5 29. f4 Qd7 30. fxe5 fxe5 31. Qe3 Rcd8 32. d4 Re6 33. Rxe5 Rxe5
34. dxe5 Qg4+ 35. Kh1 Qxb4 36. a6 Ra8 37. Ra1 Qb2 38. Qe1 Qc2 39. a7 Qc6+ 40.
Kg1 Qg6+ 41. Kf1 Qd3+ 42. Qe2 Qh3+ 43. Kg1 Qc3 44. Rd1 Rxa7 45. Qxb5 Qc8 46.
Qd5+ Rf7 47. e6 Re7 48. Qd8+ Re8 49. Qxc8 Rxc8 50. f4 g6 51. Kg2 Re8 52. Rd6
Kg7 53. Rd7+ Kh6 54. e7 Kg7 55. Kg3 Kf6 56. Kg4 Rxe7 57. Rxe7 h5+ 58. Kh4 Kxe7
59. Kg5 Kf7 60. f5 1/2-1/2